[Event "Tournoi Skype 029B"]
[Site "Skype"]
[Date "????.??.??"]
[Round "8.58"]
[White "Hernandez, Ivan"]
[Black "Wildt, Gerti"]
[Result "1-0"]
[WhiteElo "1022"]
[BlackElo "1000"]
[PlyCount "95"]

1. e4 c5 2. d4 cxd4 3. Qxd4 Nc6 4. Qd3 g6 5. Be2 Bg7 6. Nf3 Nf6 7. O-O O-O 8.
h3 d6 9. Nc3 Nb4 10. Qd2 e6 11. e5 dxe5 12. Nxe5 Qc7 13. a3 Nc6 14. f4 Rd8 15.
Bd3 Nxe5 16. fxe5 Qxe5 17. Qg5 Qd4+ 18. Be3 Qd6 19. Ne4 Nxe4 20. Bxe4 Re8 21.
Rad1 Qc7 22. g4 Qg3+ 23. Bg2 Qc7 24. Qf4 Qe7 25. g5 e5 26. Qf3 e4 27. Qxe4 Be6
28. h4 Rac8 29. c3 Rc4 30. Bd4 Qd7 31. b3 Bd5 32. Qd3 Rc6 33. Bxg7 Kxg7 34.
Qd4+ Kg8 35. h5 gxh5 36. Bxd5 Rd6 37. Rxf7 Rxd5 38. Rxd7 Rxd4 39. R1xd4 Rf8 40.
Kg2 a6 41. Kh3 Rf3+ 42. Kh4 Rxc3 43. Rd8+ Kg7 44. Kxh5 Rh3+ 45. Kg4 Rxb3 46.
R8d7+ Kg6 47. Rf4 Rxa3 48. Rf6# 1-0

[Event "Tournoi Skype 029B"]
[Site "Skype"]
[Date "????.??.??"]
[Round "8.59"]
[White "Martins, Rodrigo Baldo"]
[Black "Barajas, Nestor"]
[Result "1-0"]
[WhiteElo "1000"]
[BlackElo "1000"]
[PlyCount "71"]

1. e4 e5 2. Nf3 Nc6 3. Bc4 Bc5 4. O-O Nf6 5. Nc3 O-O 6. a3 a6 7. h3 d6 8. d3
Re8 9. Bxf7+ Kxf7 10. Ng5+ Kg8 11. Na4 Ba7 12. b4 b5 13. Nc3 Bb7 14. a4 Nd4 15.
axb5 axb5 16. Be3 Bb6 17. Na2 h6 18. Nf3 Nxf3+ 19. Qxf3 d5 20. Qg3 Kh7 21. Rad1
Rxa2 22. c4 d4 23. Bc1 bxc4 24. dxc4 Nxe4 25. Qd3 Rf8 26. c5 Ba7 27. f3 Ba6 28.
Qxe4+ g6 29. Rfe1 c6 30. Qxe5 d3 31. Rd2 Ra4 32. Bb2 Qd7 33. Re4 Bb8 34. Qc3
Bf4 35. Rxf4 Rxf4 36. Qh8# 1-0

[Event "Tournoi Skype 029B"]
[Site "Skype"]
[Date "????.??.??"]
[Round "8.62"]
[White "Maccaferri, Massimo"]
[Black "Cunha Pires, Odsel Jorge Geronimo"]
[Result "1-0"]
[WhiteElo "1074"]
[BlackElo "1000"]
[PlyCount "83"]

1. e4 c5 2. Qh5 d6 3. e5 g6 4. Qe2 d5 5. Qb5+ Bd7 6. Qxb7 Nc6 7. Bb5 Rb8 8. Qa6
Rxb5 9. Qxb5 Nd4 10. Qxc5 Nc6 11. Qxd5 Bg7 12. Nf3 e6 13. Qd6 Nge7 14. Nc3 O-O
15. d4 Re8 16. Bg5 h6 17. Bh4 a5 18. a3 g5 19. Bg3 Qb8 20. b4 axb4 21. axb4
Nxb4 22. Rb1 Qxd6 23. exd6 Nxc2+ 24. Kd2 Na3 25. Rb3 Nc4+ 26. Kd3 Nxd6 27. Ne5
Nef5 28. Nxd7 Bxd4 29. Bxd6 Nxd6 30. Kxd4 Nf5+ 31. Ke5 f6+ 32. Nxf6+ Kg7 33.
Nxe8+ Kf8 34. Rb8 Ne7 35. Kxe6 h5 36. Rd1 g4 37. Rdd8 Nc6 38. Nf6+ Nxd8+ 39.
Rxd8+ Kg7 40. Rg8+ Kh6 41. Kf5 h4 42. Rg6# 1-0

[Event "Tournoi Skype 029B"]
[Site "Skype"]
[Date "????.??.??"]
[Round "8.63"]
[White "Cifuentes, Jorge Mario"]
[Black "Rodriguez Tovar, Liliana"]
[Result "0-1"]
[WhiteElo "1000"]
[BlackElo "1036"]
[PlyCount "54"]

1. e4 e6 2. Nf3 d5 3. e5 Nh6 4. d4 Nf5 5. Nbd2 c5 6. c3 Nc6 7. Bd3 Bd7 8. Nf1
cxd4 9. Ng3 Be7 10. O-O Nxg3 11. fxg3 dxc3 12. b3 Qb6+ 13. Kh1 O-O-O 14. Qc2 d4
15. a4 Nb4 16. Qe2 Nxd3 17. Qxd3 Bc6 18. a5 Qxb3 19. Nxd4 Qd5 20. Rf3 Qxe5 21.
Bf4 Qxd4 22. Qe2 Bxf3 23. Qxf3 c2 24. Rc1 Qd1+ 25. Qf1 Qxf1+ 26. Rxf1 Rd1 27.
Kg1 Rxf1+ 0-1

[Event "Tournoi Skype 029B"]
[Site "Skype"]
[Date "????.??.??"]
[Round "8.64"]
[White "Schnell, Nicolas"]
[Black "Elvira Sanchez, Adalberto"]
[Result "1/2-1/2"]
[WhiteElo "1003"]
[BlackElo "1000"]
[PlyCount "56"]

1. e4 d5 2. Nc3 d4 3. Nd5 e5 4. Bb5+ Bd7 5. Qg4 Nc6 6. Qh5 Nf6 7. Qf3 Be7 8.
Bd3 O-O 9. Nh3 Nb4 10. Bc4 Nxc2+ 11. Kf1 Nxa1 12. Ng5 Bg4 13. Nxf6+ Bxf6 14.
Qxg4 Bxg5 15. h4 Be7 16. d3 Nc2 17. Bh6 Bf6 18. Rh3 Qc8 19. Qg3 a6 20. f4 b5
21. Bd5 Rb8 22. f5 Nb4 23. Bb3 a5 24. h5 Rb6 25. Rh4 Kh8 26. Rg4 Rg8 27. Bxf7
Qf8 28. Be6 Nc6 1/2-1/2

[Event "Tournoi Skype 029B"]
[Site "Skype"]
[Date "????.??.??"]
[Round "8.65"]
[White "Achicanoy, Yolanda"]
[Black "Molina, Maria Lucia"]
[Result "1-0"]
[WhiteElo "1000"]
[BlackElo "1000"]
[PlyCount "45"]

1. e4 c6 2. Nf3 d5 3. Nc3 Bg4 4. h3 Bh5 5. Be2 Nf6 6. d3 dxe4 7. Ng5 Nbd7 8.
Bf4 e5 9. Be3 Bb4 10. O-O O-O 11. dxe4 Nxe4 12. Ncxe4 g6 13. g4 f6 14. Ne6 Qa5
15. gxh5 Rfe8 16. Nd4 Rf8 17. hxg6 hxg6 18. Bg4 f5 19. Ng5 fxg4 20. Qxg4 Qa3
21. bxa3 Nf6 22. Qh4 Nh7 23. Qxh7# 1-0

[Event "Tournoi Skype 029B"]
[Site "Skype"]
[Date "????.??.??"]
[Round "8.66"]
[White "Schllosser, Marcos Antonio"]
[Black "Marroquin Mayhua, Silvia"]
[Result "0-1"]
[WhiteElo "1000"]
[BlackElo "1000"]
[PlyCount "118"]

1. e4 e5 2. Nf3 d6 3. Bc4 Nf6 4. d3 Nc6 5. Be3 h6 6. Nbd2 Be7 7. O-O Ng4 8. h3
Nxe3 9. Qe1 d5 10. Bxd5 Nxd5 11. exd5 Na5 12. Nxe5 Qxd5 13. Qe2 b6 14. Rfe1 Bb7
15. c4 Qe6 16. Nef3 O-O 17. Ne4 Bb4 18. Red1 Nc6 19. a3 Be7 20. Rac1 Rae8 21.
Qd2 Ne5 22. Nxe5 Qxe5 23. f3 Qf5 24. Re1 Bc5+ 25. d4 Be7 26. b4 a6 27. Ng3 Qf6
28. Ne4 Qg6 29. d5 f5 30. Nc3 f4 31. a4 Bh4 32. Re2 Rf6 33. Rxe8+ Qxe8 34. g4
Bg3 35. b5 axb5 36. cxb5 h5 37. gxh5 Qxh5 38. Rf1 Qxh3 39. Re1 Bxe1 40. Qxe1
Qg3+ 41. Qxg3 fxg3 42. Kg2 Rg6 43. Kh3 Bc8+ 44. Kh4 Kh7 45. f4 Bg4 46. Ne2 Bxe2
47. f5 Rg4+ 48. Kh3 Kh6 49. Kg2 Kg5 50. d6 cxd6 51. Kg1 Kxf5 52. Kg2 d5 53. a5
Bxb5 54. axb6 Ba6 55. Kf3 d4 56. Kg2 Bb7+ 57. Kf1 d3 58. Kg1 g2 59. Kf2 g1=Q#
0-1

[Event "Tournoi Skype 029B"]
[Site "Skype"]
[Date "????.??.??"]
[Round "8.68"]
[White "Mantelli Filho, Artur"]
[Black "Talarico, Izabel"]
[Result "0-1"]
[WhiteElo "1000"]
[BlackElo "1000"]
[PlyCount "42"]

1. e4 e5 2. Nf3 Nc6 3. Bc4 Bc5 4. O-O Nf6 5. d3 O-O 6. Nbd2 b6 7. c3 Bb7 8. a4
Qe7 9. b4 Bd6 10. b5 Na5 11. Ba2 Nh5 12. Re1 Qf6 13. Nf1 Nf4 14. Bxf4 exf4 15.
e5 Bxe5 16. Nxe5 Rfe8 17. Bxf7+ Kf8 18. Bxe8 Rxe8 19. d4 Qg5 20. Nxd7+ Kf7 21.
Qd2 Qxg2# 0-1

[Event "Tournoi Skype 029B"]
[Site "Skype"]
[Date "????.??.??"]
[Round "8.69"]
[White "Cassano, Mariangela"]
[Black "Mendoza Oporta, Esmerling Antonio"]
[Result "0-1"]
[WhiteElo "1000"]
[BlackElo "1000"]
[PlyCount "72"]

1. e4 e5 2. Nf3 Nc6 3. d3 d6 4. Be2 Be7 5. O-O Nf6 6. c4 Nd4 7. Nc3 c5 8. b3
O-O 9. Ng5 Nxe2+ 10. Qxe2 h6 11. Nf3 Nh7 12. Be3 f5 13. Nd5 fxe4 14. dxe4 Be6
15. Nxe7+ Qxe7 16. Rad1 Nf6 17. Nh4 Bg4 18. f3 Bh5 19. Ng6 Bxg6 20. Qf2 Nxe4
21. fxe4 Rxf2 22. Rxf2 Rf8 23. Rdf1 Rxf2 24. Bxf2 Bxe4 25. g3 Qf6 26. Re1 d5
27. Rxe4 dxe4 28. Bxc5 b6 29. Be3 Qf3 30. Bd2 e3 31. Be1 e2 32. h4 Qf1+ 33. Kh2
Qxe1 34. Kh3 Qf2 35. Kg4 e1=Q 36. Kh5 Qf5# 0-1

[Event "Tournoi Skype 029B"]
[Site "Skype"]
[Date "????.??.??"]
[Round "9.1"]
[White "Fernandez Arrizabala, Raul"]
[Black "Martinez Perez, Carlos"]
[Result "0-1"]
[WhiteElo "1000"]
[BlackElo "1404"]
[PlyCount "46"]

1. e4 e5 2. Nf3 Nf6 3. Bc4 Nc6 4. d3 Bc5 5. Nc3 O-O 6. O-O d6 7. Na4 Bb4 8. c3
Ba5 9. b4 Bb6 10. Bg5 Re8 11. Re1 Be6 12. Nxb6 axb6 13. Bxe6 Rxe6 14. d4 exd4
15. cxd4 Re8 16. a3 h6 17. Bh4 Qd7 18. Bxf6 gxf6 19. Nh4 Ne7 20. Qg4+ Qxg4 21.
Nf5 Nxf5 22. exf5 Rxe1+ 23. Rxe1 Qxd4 0-1

[Event "Tournoi Skype 029B"]
[Site "Skype"]
[Date "????.??.??"]
[Round "9.3"]
[White "Munoz Gonzalez, Martin"]
[Black "Graham, Neil"]
[Result "1/2-1/2"]
[WhiteElo "1400"]
[BlackElo "1000"]
[PlyCount "29"]

1. Nf3 d5 2. b3 Nf6 3. Bb2 Bf5 4. d3 Nbd7 5. Nbd2 e6 6. g3 Bd6 7. Bg2 e5 8. c4
c6 9. Nh4 Be6 10. cxd5 cxd5 11. e4 Nc5 12. Qe2 d4 13. O-O O-O 14. Nhf3 b5 15.
Nxd4 1/2-1/2

[Event "Tournoi Skype 029B"]
[Site "Skype"]
[Date "????.??.??"]
[Round "9.4"]
[White "Loaisiga Perez, Carlos Alberto"]
[Black "Battaglia, Gabriele"]
[Result "1-0"]
[WhiteElo "1374"]
[BlackElo "1271"]
[PlyCount "45"]

1. e4 c5 2. Nf3 g6 3. d4 cxd4 4. Qxd4 Nf6 5. e5 Nc6 6. Qd1 Ng4 7. Bf4 Bg7 8.
Nc3 Ngxe5 9. Nxe5 Nxe5 10. Be2 O-O 11. Qd2 Re8 12. O-O-O a6 13. h4 h5 14. f3 b5
15. g4 Nc4 16. Bxc4 bxc4 17. gxh5 gxh5 18. Bh6 e6 19. Rhg1 Qf6 20. Bxg7 Qxg7
21. Rxg7+ Kxg7 22. Rg1+ Kf6 23. Qg5# 1-0

[Event "Tournoi Skype 029B"]
[Site "Skype"]
[Date "????.??.??"]
[Round "9.5"]
[White "Escudero Ocana, Francisco"]
[Black "Castellanos Gonzalez, Mariano"]
[Result "0-1"]
[WhiteElo "1395"]
[BlackElo "1000"]
[PlyCount "22"]

1. e4 e5 2. Nf3 Nf6 3. Nc3 Bb4 4. Nd5 Nxd5 5. exd5 e4 6. Nd4 Qg5 7. Bc4 Qxg2 8.
Ke2 Bc5 9. c3 Bxd4 10. cxd4 Qf3+ 11. Ke1 Qxh1+ 0-1

[Event "Tournoi Skype 029B"]
[Site "Skype"]
[Date "????.??.??"]
[Round "9.6"]
[White "Sanchez Padilla, Armando Edilber"]
[Black "Lopes, Marcia Maria"]
[Result "0-1"]
[WhiteElo "1240"]
[BlackElo "1363"]
[PlyCount "150"]

1. e4 c5 2. Nf3 d6 3. e5 e6 4. Nc3 a6 5. d3 Nc6 6. exd6 Bxd6 7. Ne4 Nf6 8. Bg5
Be7 9. Bxf6 Bxf6 10. Nxc5 Bxb2 11. Rb1 Bc3+ 12. Nd2 Qc7 13. Nce4 Bxd2+ 14. Qxd2
O-O 15. Be2 Nd4 16. Bd1 b5 17. O-O Bb7 18. c3 Nf5 19. Rb4 Rfd8 20. Bc2 Rac8 21.
Re1 Bxe4 22. Rbxe4 Qxc3 23. Qxc3 Rxc3 24. Bb1 Rdc8 25. d4 R3c4 26. h3 g6 27.
Rd1 Rd8 28. Kf1 Rcxd4 29. Rexd4 Rxd4 30. Rd3 Rxd3 31. Bxd3 Nd4 32. f4 Kf8 33.
Kf2 Ke7 34. Ke3 Nc6 35. Ke4 Nb4 36. Bb1 Kd6 37. a3 Nd5 38. Bd3 f6 39. g3 Kc6
40. Kd4 Kb6 41. h4 a5 42. Bc2 a4 43. Bd1 Nc7 44. Bc2 Kc6 45. Be4+ Kd6 46. Bb7
f5 47. Bf3 h6 48. Be2 h5 49. Bd3 b4 50. axb4 a3 51. Bc4 Nd5 52. b5 Nb6 53. Bb3
Nd5 54. Bc4 Nb4 55. Bb3 a2 56. Bxa2 Nxa2 57. Kc4 Nc1 58. Kb4 Nd3+ 59. Ka5 Nc5
60. b6 Kc6 61. b7 Nxb7+ 62. Kb4 Nc5 63. Kc4 Ne4 64. Kd4 Nxg3 65. Ke5 Kd7 66.
Kf6 Kd6 67. Kxg6 Kd5 68. Kg5 Ke4 69. Kf6 Kxf4 70. Kxe6 Ne4 71. Kd5 Nc3+ 72. Ke6
Nd1 73. Kf6 Ne3 74. Kg6 Kg4 75. Kh6 f4 0-1

[Event "Tournoi Skype 029B"]
[Site "Skype"]
[Date "????.??.??"]
[Round "9.7"]
[White "Fernandez Zaldivar, Antonio"]
[Black "Rivalta, Paolo"]
[Result "1-0"]
[WhiteElo "1246"]
[BlackElo "1142"]
[PlyCount "69"]

1. e4 e5 2. Nf3 Nc6 3. Bb5 Bc5 4. c3 Nge7 5. d4 exd4 6. cxd4 Bb4+ 7. Nc3 O-O 8.
O-O a6 9. Bd3 d6 10. h3 b5 11. Bd2 Bb7 12. e5 dxe5 13. Bxh7+ Kh8 14. dxe5 Nd4
15. Ng5 c5 16. Qh5 Nf3+ 17. Nxf3 Bxf3 18. gxf3 Qxd2 19. Be4+ Qh6 20. Qxh6+ gxh6
21. Bxa8 Rxa8 22. Rad1 c4 23. Rd7 Kg7 24. a3 Bc5 25. Ne4 c3 26. Nxc5 cxb2 27.
Rb1 Rc8 28. Nd3 Nf5 29. Rxb2 Rc3 30. Re2 Kf8 31. e6 fxe6 32. Rxe6 Ng7 33. Rxa6
Rc8 34. Rxh6 Ke8 35. Rxg7 1-0

[Event "Tournoi Skype 029B"]
[Site "Skype"]
[Date "????.??.??"]
[Round "9.8"]
[White "Cengiz, Ali Ekber"]
[Black "Pantaleon, Julio"]
[Result "0-1"]
[WhiteElo "1299"]
[BlackElo "1000"]
[PlyCount "58"]

1. e4 e5 2. Nf3 Nc6 3. Bc4 Be7 4. Nc3 Nf6 5. Ng5 O-O 6. h3 h6 7. Nf3 b6 8. a3
Bb7 9. d3 Bc5 10. b4 Be7 11. O-O d6 12. Ne2 a6 13. c3 b5 14. Bb3 Re8 15. Nh4
Nxe4 16. Nf5 Ng5 17. Neg3 Bf6 18. f4 exf4 19. Bxf4 Bxc3 20. Ra2 Nd4 21. Nh5
Nxf5 22. Bxg5 Qxg5 23. h4 Bd4+ 24. Rff2 Bxf2+ 25. Rxf2 Qxh4 26. Nf4 Ng3 27.
Bxf7+ Kh7 28. Bg6+ Kh8 29. Bxe8 Qh1# 0-1

[Event "Tournoi Skype 029B"]
[Site "Skype"]
[Date "????.??.??"]
[Round "9.9"]
[White "Alarcon Alarcon, Marina"]
[Black "Bucherie, Volcy"]
[Result "1-0"]
[WhiteElo "1198"]
[BlackElo "1274"]
[PlyCount "23"]

1. e4 d5 2. exd5 Nf6 3. Nc3 Nxd5 4. Nf3 c5 5. Bc4 Nb4 6. a3 N4c6 7. O-O Bg4 8.
Bxf7+ Kxf7 9. Ng5+ Kg8 10. Qxg4 Ne5 11. Qe6+ Nf7 12. Qxf7# 1-0

[Event "Tournoi Skype 029B"]
[Site "Skype"]
[Date "????.??.??"]
[Round "9.10"]
[White "Hernandez Monzon, Alejandro"]
[Black "Yepez, German"]
[Result "1-0"]
[WhiteElo "1239"]
[BlackElo "1191"]
[PlyCount "63"]

1. e4 e5 2. Nf3 Nc6 3. c3 d6 4. d4 exd4 5. cxd4 Be7 6. Bb5 Bd7 7. O-O Nf6 8.
Nc3 O-O 9. h3 Re8 10. e5 dxe5 11. dxe5 Nxe5 12. Nxe5 c6 13. Bc4 Rf8 14. Bg5 h6
15. Bxf6 Bxf6 16. Nxd7 Re8 17. Nxf6+ Qxf6 18. Qg4 Re5 19. f4 Rc5 20. Bb3 Qd4+
21. Kh1 h5 22. Qe2 Qd7 23. Rad1 Qc7 24. Ne4 Ra5 25. Ng5 g6 26. Bxf7+ Kg7 27. f5
Qxf7 28. Nxf7 Kxf7 29. Rd7+ Kg8 30. Qe6+ Kh8 31. Qf6+ Kg8 32. Qg7# 1-0

[Event "Tournoi Skype 029B"]
[Site "Skype"]
[Date "????.??.??"]
[Round "9.11"]
[White "Nicolini, Francesco"]
[Black "Khatanhar, Mohit"]
[Result "1-0"]
[WhiteElo "1000"]
[BlackElo "1218"]
[PlyCount "53"]

1. e4 e5 2. f4 exf4 3. Nf3 Bc5 4. Bc4 d6 5. d4 Bb6 6. Bxf4 Ne7 7. O-O O-O 8.
Be3 Nbc6 9. Ng5 Ne5 10. Bb3 h6 11. Qd2 hxg5 12. dxe5 Bxe3+ 13. Qxe3 dxe5 14.
Qxg5 Be6 15. Qxe5 Bxb3 16. axb3 Ng6 17. Qc3 a6 18. Rf3 Re8 19. Nd2 Qxd2 20.
Qxd2 Rxe4 21. Raf1 Nh8 22. Qg5 Rae8 23. Rh3 R4e6 24. Rg3 Rg6 25. Qd5 Rxg3 26.
hxg3 c6 27. Qd7 1-0

[Event "Tournoi Skype 029B"]
[Site "Skype"]
[Date "????.??.??"]
[Round "9.12"]
[White "Felippe E Silva, Glenda"]
[Black "Vaquero, Roberto"]
[Result "1/2-1/2"]
[WhiteElo "1207"]
[BlackElo "1123"]
[PlyCount "84"]

1. d4 f5 2. Bf4 Nf6 3. e3 g6 4. h3 Bg7 5. c4 O-O 6. Nd2 d6 7. Ngf3 Nc6 8. a3
Qe8 9. Be2 Nd7 10. O-O e5 11. dxe5 Ndxe5 12. Nxe5 dxe5 13. Bh2 Rf7 14. Rc1 e4
15. Qb3 b6 16. Bxc7 Rxc7 17. c5+ Be6 18. Bc4 Bxc4 19. Qxc4+ Qf7 20. cxb6 Qxc4
21. Nxc4 axb6 22. Nxb6 Rb8 23. Nd5 Rcc8 24. b4 Bb2 25. Rxc6 Rxc6 26. Ne7+ Kg7
27. Nxc6 Rb6 28. Ne7 Bxa3 29. Nd5 Rb5 30. Rd1 h5 31. Rd4 h4 32. Kf1 Kf7 33. Ke2
Bb2 34. Rd1 Be5 35. Nf4 Bxf4 36. exf4 Rxb4 37. Rd7+ Ke6 38. Rh7 Rb2+ 39. Ke3
Rb3+ 40. Ke2 Rb2+ 41. Ke3 Rb3+ 42. Ke2 Rb2+ 1/2-1/2

[Event "Tournoi Skype 029B"]
[Site "Skype"]
[Date "????.??.??"]
[Round "9.13"]
[White "De Coninck, Philippe"]
[Black "De Nobrega, George"]
[Result "1-0"]
[WhiteElo "1173"]
[BlackElo "1205"]
[PlyCount "57"]

1. e4 e5 2. Nf3 Nc6 3. Bc4 h6 4. O-O Bc5 5. Nc3 Nf6 6. Bb5 Nd4 7. Nxe5 Nxb5 8.
Nxb5 Nxe4 9. Qe2 d5 10. d3 a6 11. dxe4 axb5 12. Qxb5+ c6 13. Qxc5 Qe7 14. Qxe7+
Kxe7 15. exd5 cxd5 16. Re1 Be6 17. a3 Rhe8 18. Bd2 Kf8 19. Re3 Rac8 20. c3 Kg8
21. Rg3 Kh7 22. Re1 Rc5 23. Be3 Rcc8 24. Bd4 Rf8 25. Nd3 b5 26. Rxg7+ Kh8 27.
Rxf7+ Kg8 28. Rg7+ Kh8 29. Rxe6 1-0

[Event "Tournoi Skype 029B"]
[Site "Skype"]
[Date "????.??.??"]
[Round "9.15"]
[White "Conde, Carmen"]
[Black "Amato, Ludovica"]
[Result "0-1"]
[WhiteElo "1188"]
[BlackElo "1346"]
[PlyCount "112"]

1. e4 e5 2. Bc4 Nf6 3. Nf3 Nc6 4. d4 exd4 5. Nxd4 Nxe4 6. Bxf7+ Kxf7 7. Qh5+
Ke7 8. Qh4+ Nf6 9. Nf5+ Kf7 10. Bg5 d5 11. Nd4 Bb4+ 12. c3 Nxd4 13. Qxd4 Re8+
14. Be3 Ba5 15. Nd2 Bb6 16. Qf4 Qe7 17. O-O Bxe3 18. fxe3 Qxe3+ 19. Rf2 Qxf4
20. Rxf4 Bd7 21. Nf3 Kg8 22. h3 Re4 23. Rxe4 Nxe4 24. Rd1 Nf6 25. b3 Re8 26. a4
Re3 27. Rc1 Ne4 28. Ne5 Nxc3 29. Nxd7 Ne2+ 30. Kf2 Nxc1 31. Kxe3 Nxb3 32. Kd3
Kf7 33. g4 Ke7 34. Ne5 c5 35. Kc3 Ke6 36. Nd3 c4 37. Nf4+ Ke5 38. Nh5 g6 39.
Ng7 Nc5 40. a5 d4+ 41. Kxc4 d3 42. Kc3 Ke4 43. Kd2 Nb3+ 44. Ke1 Ke3 45. Ne6
Nxa5 46. Nc5 b5 47. Na6 Nc4 48. Nc5 d2+ 49. Kd1 Nb2+ 50. Kc2 d1=Q+ 51. Kxb2
Qd4+ 52. Kb3 Qxc5 53. Kb2 Qc4 54. g5 Kd2 55. Ka3 Kc2 56. h4 Qb3# 0-1

[Event "Tournoi Skype 029B"]
[Site "Skype"]
[Date "????.??.??"]
[Round "9.16"]
[White "Duthoit, Bernard"]
[Black "Abate, Luigi"]
[Result "1-0"]
[WhiteElo "1338"]
[BlackElo "1169"]
[PlyCount "68"]

1. e4 c5 2. Nf3 Nc6 3. c3 e5 4. Bb5 a6 5. Bxc6 bxc6 6. O-O d6 7. d4 Bg4 8. dxc5
d5 9. exd5 Bxf3 10. Qxf3 cxd5 11. Qg3 g6 12. Qxe5+ Ne7 13. Qxh8 Nf5 14. Re1+
Kd7 15. Qxh7 Bxc5 16. Qxf7+ Ne7 17. Qe6+ Kc7 18. Bf4+ Bd6 19. Bxd6+ Qxd6 20.
Qxd6+ Kxd6 21. Nd2 Nf5 22. Rad1 Kc6 23. Re6+ Kd7 24. Rxg6 Re8 25. Rxa6 Re2 26.
Ra7+ Kd6 27. Nc4+ Kc5 28. Rc7+ Kb5 29. Na3+ Ka5 30. b4+ Ka6 31. Rc6+ Ka7 32.
Rc5 Rxa2 33. Nb5+ Kb6 34. g4 Nh4 1-0

[Event "Tournoi Skype 029B"]
[Site "Skype"]
[Date "????.??.??"]
[Round "9.17"]
[White "Lago Carballo, Maria Del Carmen"]
[Black "Busto, Ricardo"]
[Result "1-0"]
[WhiteElo "1328"]
[BlackElo "1152"]
[PlyCount "59"]

1. e4 c5 2. Nf3 e6 3. c3 d5 4. e5 a6 5. d4 Nc6 6. Bd3 Qc7 7. Bc2 Qb6 8. O-O
Nge7 9. Re1 Ng6 10. a3 Be7 11. b4 cxd4 12. cxd4 Qc7 13. Nc3 b5 14. Ne2 O-O 15.
Ng3 Bd7 16. Nh5 a5 17. Bd2 a4 18. Bd3 Qb6 19. Bc3 Rac8 20. Qe2 Na7 21. Bb2 Nh4
22. Nxh4 Bxh4 23. Qg4 g6 24. Qxh4 gxh5 25. Qxh5 f5 26. exf6 Rf7 27. Qg5+ Kh8
28. Qh6 Rg8 29. Re3 Rg6 30. Bxg6 1-0

[Event "Tournoi Skype 029B"]
[Site "Skype"]
[Date "????.??.??"]
[Round "9.18"]
[White "Jones, Malcolm"]
[Black "Conde, Abigail"]
[Result "*"]
[WhiteElo "1315"]
[BlackElo "1112"]
[PlyCount "76"]

1. d4 d5 2. Bf4 Nc6 3. e3 Nf6 4. c4 e6 5. a3 Ne4 6. f3 Qh4+ 7. g3 Nxg3 8. Bxg3
Qh5 9. Be2 Qf5 10. Nc3 Be7 11. e4 dxe4 12. fxe4 Qg6 13. Qc2 Nxd4 14. Qa4+ Bd7
15. Qd1 c5 16. Bd3 e5 17. Bxe5 Bg4 18. Nge2 Bh4+ 19. Ng3 Bxd1 20. Kxd1 Qg4+ 21.
Be2 Nxe2 22. Ncxe2 Rd8+ 23. Kc1 Bg5+ 24. Kb1 Rd2 25. h3 Qf3 26. Ka2 O-O 27.
Rhf1 Qd3 28. Rac1 b5 29. Rc3 Qd7 30. cxb5 Qxb5 31. Rb3 Qc4 32. Nc3 Rfd8 33. Nf5
Qxf1 34. Ng3 Qc1 35. a4 a5 36. Bb8 Bf6 37. Nge2 Qc2 38. Be5 Bxe5 *

[Event "Tournoi Skype 029B"]
[Site "Skype"]
[Date "????.??.??"]
[Round "9.19"]
[White "Sosa, Juan Carlos"]
[Black "Yepes Bermudez, Maribel"]
[Result "0-1"]
[WhiteElo "1121"]
[BlackElo "1287"]
[PlyCount "52"]

1. d4 d5 2. Nc3 Nf6 3. Nf3 Bf5 4. Bf4 e6 5. h3 a6 6. Nh4 Bg6 7. Nxg6 hxg6 8. f3
c5 9. e4 cxd4 10. Qxd4 Nc6 11. Qd2 Bb4 12. a3 Bxc3 13. bxc3 dxe4 14. fxe4 Nxe4
15. Qe3 Nf6 16. Rd1 Qa5 17. Bd6 Rd8 18. Be2 Qf5 19. Bd3 Qh5 20. Bc4 Qh4+ 21. g3
Qxc4 22. Kf2 Nd5 23. Qd3 Qxd3 24. Rxd3 Rxd6 25. c4 Ne5 26. c5 Nxd3+ 0-1

[Event "Tournoi Skype 029B"]
[Site "Skype"]
[Date "????.??.??"]
[Round "9.20"]
[White "Prieto, Jairo Ovidio"]
[Black "Tembhurnekar, Ritu"]
[Result "0-1"]
[WhiteElo "1000"]
[BlackElo "1219"]
[PlyCount "82"]

1. d4 d5 2. Nc3 Nf6 3. Nf3 Bf5 4. Bg5 e6 5. e3 h6 6. Bxf6 Qxf6 7. Bd3 c6 8. O-O
Nd7 9. e4 dxe4 10. Bxe4 Bxe4 11. Nxe4 Qd8 12. Re1 Be7 13. Qe2 O-O 14. Rad1 Rc8
15. c4 Qc7 16. c5 Nf6 17. Nxf6+ Bxf6 18. b4 a6 19. a4 Rfd8 20. Ne5 Rd5 21. f4
Rcd8 22. Qe4 Bxe5 23. fxe5 b5 24. Re3 bxa4 25. Ra3 Qb7 26. Rxa4 Qb5 27. Ra2
Qxb4 28. Rad2 a5 29. Kf2 a4 30. Ke3 a3 31. Qb1 Qc3+ 32. Rd3 Qa5 33. Qa2 Ra8 34.
Rb1 Qd8 35. Rb6 Qg5+ 36. Kf3 Qh5+ 37. Kg3 Qg6+ 38. Kf2 Qxd3 39. Rb3 Qxd4+ 40.
Kf3 Rxe5 41. g4 g5 0-1

[Event "Tournoi Skype 029B"]
[Site "Skype"]
[Date "????.??.??"]
[Round "9.21"]
[White "Gerbaux, Regis"]
[Black "Malbec, Robert"]
[Result "0-1"]
[WhiteElo "1062"]
[BlackElo "1214"]
[PlyCount "36"]

1. d4 d5 2. Bf4 Nf6 3. e3 Bg4 4. Nf3 e6 5. Be2 Bb4+ 6. Nc3 Ne4 7. Nd2 Bxe2 8.
Qxe2 Nxc3 9. bxc3 Bxc3 10. Rb1 Bxd2+ 11. Qxd2 b6 12. O-O O-O 13. Rfd1 Nd7 14.
c3 Nf6 15. Bg5 h6 16. Bh4 Ne4 17. Bxd8 Nxd2 18. Bxc7 Nxb1 0-1

[Event "Tournoi Skype 029B"]
[Site "Skype"]
[Date "????.??.??"]
[Round "9.23"]
[White "Barrionuevo, Hilario"]
[Black "Luna Perez Vico, Lorenzo"]
[Result "1-0"]
[WhiteElo "1132"]
[BlackElo "1386"]
[PlyCount "65"]

1. d4 Nf6 2. c4 c6 3. Nc3 d5 4. cxd5 cxd5 5. Bf4 a6 6. a3 e6 7. b4 b5 8. e3 Bd6
9. Bg5 h6 10. Bh4 Nbd7 11. h3 g5 12. Bg3 Bxg3 13. fxg3 Qc7 14. Nce2 Bb7 15. g4
Rc8 16. Rc1 Qb8 17. g3 Rxc1 18. Qxc1 Ne4 19. h4 Nxg3 20. Rh3 Nxe2 21. Nxe2 f6
22. Ng3 Kf7 23. hxg5 fxg5 24. Nh5 Ke7 25. Bd3 Kd6 26. e4 dxe4 27. d5 exd3 28.
Rxd3 exd5 29. Nf4 gxf4 30. Qxf4+ Kc6 31. Rc3+ Kb6 32. Qe3+ Nc5 33. Qxc5# 1-0

[Event "Tournoi Skype 029B"]
[Site "Skype"]
[Date "????.??.??"]
[Round "9.24"]
[White "Hargez, Dany"]
[Black "Franca, Adilson Mendes"]
[Result "1-0"]
[WhiteElo "1296"]
[BlackElo "1131"]
[PlyCount "39"]

1. e4 e5 2. Nf3 Nc6 3. Bc4 Bc5 4. Bxf7+ Kxf7 5. d4 exd4 6. Ng5+ Kf8 7. O-O Be7
8. Qf3+ Nf6 9. Nh3 Kf7 10. Bg5 Rf8 11. Bxf6 Bxf6 12. Ng5+ Kg8 13. Qb3+ Kh8 14.
Nf7+ Rxf7 15. Qxf7 d3 16. Qh5 Bxb2 17. Nd2 Bxa1 18. Rxa1 Qf6 19. Qe8+ Qf8 20.
Qxf8# 1-0

[Event "Tournoi Skype 029B"]
[Site "Skype"]
[Date "????.??.??"]
[Round "9.25"]
[White "Ponz Lazaro, Ruperto"]
[Black "Guillaume, Mickael"]
[Result "1-0"]
[WhiteElo "1285"]
[BlackElo "1106"]
[PlyCount "53"]

1. d4 d5 2. Nf3 Nf6 3. Bf4 Bf5 4. e3 e6 5. Ne5 Nbd7 6. g4 Nxe5 7. gxf5 exf5 8.
dxe5 Ne4 9. Nd2 Qh4 10. Nxe4 dxe4 11. Qe2 O-O-O 12. Rd1 Bc5 13. Rxd8+ Rxd8 14.
Bg2 Qe7 15. O-O g5 16. Bg3 f6 17. exf6 Qxf6 18. c3 g4 19. Rd1 h5 20. Rxd8+ Qxd8
21. h3 Bd6 22. Bxd6 Qxd6 23. hxg4 hxg4 24. Bxe4 fxe4 25. Qxg4+ Qd7 26. Qxe4 b6
27. Qa8# 1-0

[Event "Tournoi Skype 029B"]
[Site "Skype"]
[Date "????.??.??"]
[Round "9.26"]
[White "Reese, Evan"]
[Black "Moumtaz, Abderrahim"]
[Result "0-1"]
[WhiteElo "1102"]
[BlackElo "1260"]
[PlyCount "30"]

1. e4 e5 2. g3 Nf6 3. Bg2 Nc6 4. Nc3 Bc5 5. Nge2 d6 6. O-O O-O 7. d3 Be6 8. b3
Qd7 9. a3 a6 10. Bb2 Bg4 11. Qd2 Rfe8 12. Nd1 Bh3 13. Ne3 Bxg2 14. Nxg2 Qh3 15.
b4 Ng4 0-1